000 00248nmm a2200085Ia 4500
008 220120s9999||||xx |||||||||||||||||und||
100 _aOpen source for you
245 0 _aO magei, a 6.1, arch linux , developers
260 _aCoorg Institute of Technology
999 _c140095
_d140095